000 00324nam a2200145Ia 4500
005 20251222140026.0
008 251222s1900||||xx |||||||||||||| ||spa||
020 _a9788875414733
082 _a270/Z86
100 _aZorzin, Massimo
245 0 _aAquileia:
250 _a1ra. ed.
264 _bGaspari Editore
942 _cLIB
999 _c2797
_d2797